Journal of applied meteorology and climatology

Detalles Bibliográficos
Título anterior:Journal of applied meteorology (Boston, Mass. : 1988: Online)
Autor Corporativo: American Meteorological Society
Formato: Electrónico Revista
Lenguaje:inglés
Publicado: Boston, MA : American Meteorological Society, 2006-
Materias:
Acceso en línea:Full text available from Research Library: 03/01/1998 to 2 years ago

MARC

LEADER 00000nas a2200000 a 4500
001 ssj0044775
003 WaSeSS
005 20200512172242.0
006 m d
007 cr n
008 051107c20069999maumr pss 0 a0eng c
010 |a  2005216024 
016 7 |a 2227779-1  |2 DE-600 
022 |a 1558-8432  |l 1558-8424  |y 1558-8424 
035 |a (WaSeSS)ssj0044775 
037 |b American Meteorological Society, 45 Beacon St., Boston, MA 02018  |c $155.00 (institutions) 
037 |a 22573/ctt1jd8n7p  |b JSTOR 
040 |a NSD  |b eng  |c NSD  |d NSD  |d HNK  |d NSD  |d MUQ  |d OCLCQ  |d HEBIS  |d OCLCQ  |d OCLCO  |d OCLCF  |d OCLCO  |d OCLCQ  |d OCLCA  |d WT2  |d TEF  |d EZC  |d OCLCQ  |d TOF  |d AU@  |d SFB  |d OCLCQ  |d WaSeSS 
042 |a pcc  |a nsdp 
050 1 4 |a QC851  |b .J55 
082 1 0 |a 551  |2 13 
130 0 |a Journal of applied meteorology and climatology (Online) 
210 0 |a J. appl. meteorol. climatol.  |b (Online) 
222 0 |a Journal of applied meteorology and climatology  |b (Online) 
245 1 0 |a Journal of applied meteorology and climatology  |h [electronic resource]. 
246 1 3 |a JAMC 
260 |a Boston, MA :  |b American Meteorological Society,  |c 2006- 
310 |a Monthly 
362 0 |a Vol. 45, no. 1 (Jan. 2006)- 
500 |a Title from title information screen (ProQuest, viewed Apr. 19, 2006). 
506 |a License restrictions may limit access. 
538 |a Mode of access: World Wide Web. 
588 1 |a Vol. 45, no. 2 (Feb. 2006). 
650 0 |a Meteorology  |v Periodicals. 
650 0 |a Climatology  |v Periodicals. 
650 6 |a Météorologie  |v Périodiques. 
650 6 |a Climatologie  |v Périodiques. 
650 6 |a Climat  |v Périodiques. 
650 7 |a Climatology.  |2 fast  |0 (OCoLC)fst00864281 
650 7 |a Meteorology.  |2 fast  |0 (OCoLC)fst01018441 
655 0 |a Electronic journals. 
710 2 |a American Meteorological Society. 
776 0 8 |i Print version:  |t Journal of applied meteorology and climatology  |x 1558-8424  |w (DLC) 2005216036  |w (OCoLC)62231931 
780 0 0 |t Journal of applied meteorology (Boston, Mass. : 1988: Online)  |x 1520-0450  |w (DLC)sn 98007742  |w (OCoLC)39657028 
856 4 0 |z Full text available from Research Library: 03/01/1998 to 2 years ago  |u https://search.proquest.com/publication/29229